|
|
|
|
| LEADER |
00000nam a2200000Ii 4500 |
| 001 |
DIGULZM0020 |
| 003 |
NyNyDIG |
| 006 |
m o d |
| 007 |
cr ||||||||||| |
| 008 |
240108s2015 sp o 000 0 spa d |
| 035 |
|
|
|a (OCoLC)1417821126
|
| 040 |
|
|
|a DGITA
|b eng
|e rda
|e pn
|c DGITA
|
| 020 |
|
|
|a 9788460673156
|q eBook
|
| 020 |
|
|
|z 9788461690862
|
| 050 |
1 |
4 |
|a PQ6719.A4537 ebook
|
| 100 |
1 |
|
|a Salmerón, Lola,
|d 1972-
|e author.
|
| 245 |
1 |
3 |
|a La esperanza tiene un nombre, Ismail /
|c Lola Salmerón.
|
| 250 |
|
|
|a Edición en formato digital.
|
| 264 |
|
1 |
|a [España] :
|b Van Express,
|c [2015]
|
| 300 |
|
|
|a 1 online resource.
|
| 336 |
|
|
|a text
|b txt
|2 rdacontent
|
| 337 |
|
|
|a computer
|b c
|2 rdamedia
|
| 338 |
|
|
|a online resource
|b cr
|2 rdacarrier
|
| 347 |
|
|
|a text file
|2 rdaft
|
| 347 |
|
|
|b EPUB
|
| 588 |
0 |
|
|a Online resource; title from ePub title page (Digitalia, viewed January 8, 2024)
|
| 655 |
|
7 |
|a Social problem fiction.
|2 lcgft
|
| 791 |
2 |
|
|a Digitalia (Firm),
|e distributor.
|
| 793 |
0 |
|
|g Digitalia eBook Collection:
|a Ulzama
|
| 776 |
0 |
8 |
|i Print version:
|a Salmerón, Lola, 1972-
|t Esperanza tiene un nombre, Ismail.
|d [España] : Van Express, [2014]
|z 9788461690862
|
| 856 |
4 |
0 |
|3 Digitalia Hispánica
|u https://www.digitaliapublishing.com/a/88677/
|
| 910 |
|
|
|a Premium collection: 2024
|